“韩餐”地点数量≥300的地级行政区 Prefectures with ≥300 Korean food sites - Statistics

General Stats
  • This quiz has been taken 7 times
  • The average score is 22 of 26
Answer Stats
地级行政区 数量 % Correct
上海 1271
100%
沈阳 1127
100%
成都 1000
100%
北京 974
100%
天津 775
100%
长春 767
100%
大连 675
100%
广州 639
100%
深圳 616
100%
重庆 501
100%
丹东 335
100%
青岛 1306
86%
延边 928
86%
威海 789
86%
哈尔滨 628
86%
杭州 530
86%
西安 529
86%
烟台 509
86%
武汉 468
86%
吉林 339
86%
宁波 328
86%
郑州 311
86%
温州 365
57%
济南 321
57%
东莞 360
43%
金华 363
29%
No matching quizzes found
Score Distribution
Percent of People with Each Score
Percentile by Number Answered
Your Score History
You have not taken this quiz